Statistics for Solomon Grundy - Days of the Week Nursery Rhyme

Click here to take the quiz!

General Stats

  • This quiz has been taken 39 times
  • The average score is 5 of 7

Answer Stats

Answer% Correct
{Born} on a Monday
100%
{Died} on Saturday
97%
{Married} on Wednesday
86%
{Buried} on Sunday
83%
{Christened} on Tusday
72%
{Took ill} on Thursday
38%
{Grew worse} on Friday
28%

Score Distribution

Percentile by Number Answered

Percent of People with Each Score

Your Score History

You have not taken this quiz